[Event "Nouadhibou Independence op"]
[Site "Nouadhibou"]
[Date "2014.11.30"]
[Round "9"]
[White "Mohamed, Beyey"]
[Black "Cheiguer, Mohamed Abdellahi"]
[Result "0-1"]
[WhiteElo "1566"]
[BlackElo "1771"]
[PlyCount "70"]
[EventDate "2014.11.27"]
[EventType "swiss"]
[EventRounds "9"]
[EventCountry "MAU"]
[SourceTitle "CBM 163 Extra"]
[Source "ChessBase"]
[SourceDate "2014.12.23"]
[SourceVersion "1"]
[SourceVersionDate "2014.12.23"]
[SourceQuality "1"]

1. e4 e5 2. Nf3 Nc6 3. Bc4 d6 4. Nc3 Nf6 5. d3 Be7 6. Bg5 Bg4 7. h3 Bh5 8. g4 Bg6 9. Qd2 Qd7 10. 0-0-0 0-0 11. a3 a6 12. Kb1 b5 13. Ba2 b4 14. axb4 Nxb4 15. Bb3 a5 16. Qe3 c5 17. Ba4 Qb7 18. Rdg1 Rfb8 19. b3 Bf8 20. h4 h6 21. Bxf6 gxf6 22. h5 Bh7 23. Nh4 Nc6 24. f4 Nd4 25. fxe5 dxe5 26. Rf1 Qb4 27. Nd5 Qxa4 28. Kc1 Rxb3 29. cxb3 Qa1+ 30. Kd2 Qb2+ 31. Kd1 Qxb3+ 32. Kd2 Qa2+ 33. Kd1 Qb3+ 34. Kd2 Qc2+ 35. Ke1 Rb8 0-1

[Event "Nouadhibou Independence op"]
[Site "Nouadhibou"]
[Date "2014.11.29"]
[Round "5"]
[White "Sid Ahmed, Elmahmoud"]
[Black "Mohamed, Beyey"]
[Result "0-1"]
[WhiteElo "1682"]
[BlackElo "1566"]
[PlyCount "50"]
[EventDate "2014.11.27"]
[EventType "swiss"]
[EventRounds "9"]
[EventCountry "MAU"]
[SourceTitle "CBM 163 Extra"]
[Source "ChessBase"]
[SourceDate "2014.12.23"]
[SourceVersion "1"]
[SourceVersionDate "2014.12.23"]
[SourceQuality "1"]

1. e4 c5 2. Nf3 e6 3. c3 a6 4. d4 Nf6 5. Bd3 Nc6 6. Bg5 h6 7. Bxf6 Qxf6 8. e5 Qd8 9. 0-0 Qc7 10. Nbd2 d6 11. Re1 dxe5 12. dxe5 Be7 13. Rc1 Qb6 14. Nb3 Nb4 15. Bb1 Nd5 16. g3 h5 17. h4 Qd8 18. Nfd2 g5 19. Ne4 gxh4 20. Nd6+ Bxd6 21. exd6 hxg3 22. fxg3 Qxd6 23. Qf3 Rg8 24. Kf2 h4 25. gxh4 Qh2+ 0-1

[Event "Nouadhibou Independence op"]
[Site "Nouadhibou"]
[Date "2014.11.28"]
[Round "2"]
[White "Ely, Samba Tounsi"]
[Black "Mohamed, Beyey"]
[Result "1-0"]
[WhiteElo "1632"]
[BlackElo "1566"]
[PlyCount "25"]
[EventDate "2014.11.27"]
[EventType "swiss"]
[EventRounds "9"]
[EventCountry "MAU"]
[SourceTitle "CBM 163 Extra"]
[Source "ChessBase"]
[SourceDate "2014.12.23"]
[SourceVersion "1"]
[SourceVersionDate "2014.12.23"]
[SourceQuality "1"]

1. d4 g6 2. c4 Bg7 3. Nf3 d6 4. Nc3 Nf6 5. e4 b6 6. Be2 Bb7 7. d5 c6 8. Qa4 Qc7 9. Bg5 Nbd7 10. Nd4 Ne5 11. f4 Ned7 12. dxc6 Bxc6 13. Qxc6 1-0

[Event "Nouadhibou Independence op"]
[Site "Nouadhibou"]
[Date "2014.11.28"]
[Round "3"]
[White "Mohamed, Beyey"]
[Black "Bellal, Tiyeb"]
[Result "0-1"]
[WhiteElo "1566"]
[BlackElo "1600"]
[PlyCount "64"]
[EventDate "2014.11.27"]
[EventType "swiss"]
[EventRounds "9"]
[EventCountry "MAU"]
[SourceTitle "CBM 163 Extra"]
[Source "ChessBase"]
[SourceDate "2014.12.23"]
[SourceVersion "1"]
[SourceVersionDate "2014.12.23"]
[SourceQuality "1"]

1. e4 e5 2. Nf3 Nc6 3. d4 exd4 4. Bc4 h6 5. Nxd4 Ne5 6. Bb3 Nf6 7. Bf4 Ng6 8. Qf3 Bc5 9. Nf5 0-0 10. Nc3 c6 11. h4 d5 12. 0-0-0 Bxf5 13. exf5 Nxf4 14. Qxf4 Bd6 15. Qd2 Bb4 16. Qd3 Qb6 17. f3 Rfe8 18. Kb1 Re3 19. Qd2 Rae8 20. h5 Bxc3 21. bxc3 c5 22. Ka1 c4 23. Ba4 Re2 24. Qc1 R8e3 25. Qa3 Qa5 26. Qb4 Qxb4 27. cxb4 Ra3 28. Bb5 Rxc2 29. Kb1 Raxa2 30. Rhg1 a6 31. Ba4 Rcb2+ 32. Kc1 Rf2 0-1